000 00646nam a2200205 i 4500
001 47269
003 ES-MaACL
005 20230906161530.0
007 t|
008 030404s1956 sp ||||1| spa d
100 1 _aCooper, Gordon.
_940388
245 1 0 _aTesoros y piratas /
_cGordon Cooper ; [traducción del inglés por Concepción Salvat].
260 _a[Barcelona] :
_bAymá,
_c[1956] (
_fRafael Salvá)
300 _a202 p., 9 lám. ;
_c19 cm.
490 1 _aColección Odisea
700 1 _aSalvat, María Concepción.
_9102116
830 0 _aColección Odisea
_9182133
852 _aES-MaACL
_jC-12264
_bR.40190
999 _c47269
_d47269